00980nab a22002177i 4500003000900000005001700009008004000026035001700066040002400083041000800107080001100115100012400126245012200250260001000372650002700382650003400409650003800443650004200481700013200523773010700655KOSZ 00520170505135655.0160308s2007 pl ||||| ||||0|| ||eng  aPBN-R:251039 cKOSZ 005/mdaPBN-ID0 aeng a621.01 aBORKOWSKI, Józef.d1996 - .bPolitechnika Koszalińska - Centrum Niekonwencjonalnych Technologii Hydrostrumieniowych10aApplication of highpressure water jets to inaccessible pipeline cleaning /cJózef Borkowski, Przemysław Borkowski. c2007. 0aAutomatyka i robotyka. 0aBudowa i eksploatacja maszyn. 0aControl engineering and robotics. 0aMachinery construction and operation. aBORKOWSKI, Przemysław.d1996 - 2013.bPolitechnika Koszalińska - Centrum Niekonwencjonalnych Technologii Hydrostrumieniowych08iW :tJournal of Machine Engineering. -x1895-7595dWrocławska Rada FSNT NOTg2007, nr 7(4), s. 39-46.